000 00464nam a2200157 4500
999 _c5397
_d5397
008 161024b xxu||||| |||| 00| 0 eng d
022 _a9770118389007
082 _aDPer 641.05 F73 Mar-Nov 2012
100 _916658
_aTan, Gerry H.
245 _aEat like the Greeks/
_cGerry H. Tan.
260 _aQuezon City:
_bABS CBN Publishing, Inc.,
_c©2012.
300 _apage 22;
_c30 cm.
500 _aFood.
650 0 _919410
_aEating customs
942 _2ddc
_cPER